| 000 | 00476nam a2200169Ia 4500 | ||
|---|---|---|---|
| 008 | 190423s9999 xx 000 0 und d | ||
| 100 | _aShteyngart, Gary | ||
| 245 | _aRobots rule/ | ||
| 245 | _cGary Shteyngart | ||
| 260 | _bReader's Digest Asia | ||
| 260 | _c2018 | ||
| 300 | _aPages 82-89, December 2018 | ||
| 440 |
_aAsia Reader's Digest: William Shakespeare Centuries of Shaping Language _v114:670 |
||
| 650 | _aKorea | ||
| 650 | _aRobotics | ||
| 650 | _aTechnology | ||
| 999 |
_c361537 _d361537 |
||